| 000 | 00351nam a22001457a 4500 | ||
|---|---|---|---|
| 008 | 230414b ||||| |||| 00| 0 eng d | ||
| 020 | _a9780205377800 | ||
| 041 | _aeng | ||
| 080 |
_2NINTH EDITION _a311 |
||
| 082 | _a311FOR | ||
| 100 | _a25 | ||
| 101 | _aSTATIK | ||
| 245 |
_aELEMENTARY STATISTICS IN SOCIAL RESEARCH _cFORDE .R.D |
||
| 942 |
_2udc _cBK |
||
| 999 |
_c59547 _d59547 |
||